| 000 | 02082nam0a2200421 4500 | ||
|---|---|---|---|
| 001 | RU\NLR\bibl\128502 | ||
| 005 | 20260405064906.0 | ||
| 010 |
_a5-279-02262-4 _93000 |
||
| 021 |
_aRU _b2000-38283 _91764 |
||
| 035 | _a(NLR Aleph) 000125894 | ||
| 090 |
_a718040 _c718040 |
||
| 100 | _a20001204d2000 |||y0rusy50 ca | ||
| 101 | 0 | _arus | |
| 102 | _aRU | ||
| 105 | _aa ||||||||| | ||
| 200 | 1 |
_aТуроперейтинг: организация деятельности _e[Учеб. для студентов вузов турист. профиля] _fЕ.Н. Ильина _gРос. междунар. акад. туризма |
|
| 210 |
_aМ. _cФинансы и статистика _d2000 |
||
| 215 |
_a250,[1] с. _d21 _cил. |
||
| 320 | _aБиблиогр.: с. 248-249 | ||
| 606 | 0 |
_aТуристы _jРуководства, пособия и т.п. для высшей школы _xОбслуживание _91805569 _3RU\NLR\auth\66813868 |
|
| 606 | 0 |
_aТуристы _jУчебные издания для высшей школы _xОбслуживание _91805569 _3RU\NLR\auth\66813868 |
|
| 606 | 0 |
_aТуристская документация _jРуководства, пособия и т.п. для высшей школы _xОформление _92190906 _3RU\NLR\auth\661317034 |
|
| 606 | 0 |
_aТуристская документация _jУчебные издания для высшей школы _xОформление _92190906 _3RU\NLR\auth\661317034 |
|
| 610 | 0 | _aТуристы - Обслуживание | |
| 610 | 0 | _aТуризм - Маркетинг | |
| 675 |
_a338.482.22(075.8) _v3 _zrus |
||
| 686 |
_a06.75 _2rugasnti |
||
| 686 |
_a65.433я73 _2rubbk |
||
| 686 | _aЧ518.111.5я7 | ||
| 686 | _aЧ518.111.1я7 | ||
| 700 | 1 |
_4070 _8rus _7ca _aИльина _bЕ.Н. _cэкономика туризма _gЕлена Николаевна _3RU\NLR\auth\7722847 _95902 |
|
| 801 | 0 |
_aRU _bRKP _c20001204 _gPSBO |
|
| 801 | 1 |
_aRU _bRKP _c20001204 |
|
| 801 | 2 |
_aRU _bNLR _c20050310 _grcr |
|
| 852 |
_aNLR _j2000-3/17651 |
||
| 942 | _cBOOK | ||
| 980 | _aNB | ||